Vista normal
Vista MARC
- EQUIPO DE OFICINA
Entrada Topical Term
Número de registros utilizados en: 4
001 - CONTROL NUMBER
- control field: 4145
003 - CONTROL NUMBER IDENTIFIER
- control field: OSt
005 - DATE AND TIME OF LATEST TRANSACTION
- control field: 20160215111941.0
008 - FIXED-LENGTH DATA ELEMENTS
- fixed length control field: 160215|| aca||aabn | a|a d
040 ## - CATALOGING SOURCE
- Original cataloging agency: OSt
- Transcribing agency: OSt
150 ## - HEADING--TOPICAL TERM
- Topical term or geographic name entry element: EQUIPO DE OFICINA
670 ## - SOURCE DATA FOUND
- Source citation: Work cat.: (OSt)6659: Rivera Granados, Mariela 4144, Informe de Práctica Supervisada realizado en el Banco Crédito Agrícola de Cartago, Depósito la Lima, 2014